Istota úhrad za export

Vznik novej inštitúcie na poistnom trhu Spoločnosť pre poistenie exportných úverov, a.s. (SPE, a.s.). Dôvody pre vznik SPE, a.s.. Činnosť SPE. Riziká, ktoré ohrozujú úspech exportného kontaktu. Všeobecné poistné podmienky, ktoré sú základom zmluvných vzťahov medzi SPE a poisteným.

Gespeichert in:
Bibliographische Detailangaben
1. Verfasser: Múdra, H.
Format: Buchkapitel
Sprache:Slowakisch
Schlagworte:
Tags: Tag hinzufügen
Keine Tags, Fügen Sie das erste Tag hinzu!

MARC

LEADER 00000naa a2200000 4500
001 r016337
005 20221213114846.9
041 0 |a slo 
044 |a SK 
245 1 0 |a Istota úhrad za export  |c H. Múdra 
520 |a Vznik novej inštitúcie na poistnom trhu Spoločnosť pre poistenie exportných úverov, a.s. (SPE, a.s.). Dôvody pre vznik SPE, a.s.. Činnosť SPE. Riziká, ktoré ohrozujú úspech exportného kontaktu. Všeobecné poistné podmienky, ktoré sú základom zmluvných vzťahov medzi SPE a poisteným. 
610 2 0 |a poisťovníctvo 
610 2 0 |a úver 
610 2 0 |a poistenie záujmov zahraničných 
610 2 0 |a riziko poistné 
100 1 |a Múdra, H.